|
|
|
|
| LEADER |
01222nam a22003257i 4500 |
| 001 |
42561 |
| 003 |
BD-DhAAL |
| 005 |
20240507140048.0 |
| 008 |
171227t20172017mbc 000 1 eng d |
| 010 |
|
|
|a 2017479834
|
| 016 |
|
|
|a C2017904690X
|
| 016 |
|
|
|a C20179046918
|
| 020 |
|
|
|a 9781773240060 (paperback)
|
| 020 |
|
|
|z 9781773240077 (epub)
|
| 035 |
|
|
|a (OCoLC)on1012404406
|
| 040 |
|
|
|a CDX
|b eng
|c CDX
|e rda
|d CDX
|d BTCTA
|d BDX
|d YDX
|d OCLCF
|d UAB
|d DLC
|d BD-DhAAL
|
| 042 |
|
|
|a lccopycat
|
| 050 |
0 |
0 |
|a PR9199.4.C4776
|b T47 2017
|
| 082 |
0 |
4 |
|a 813.6
|2 23
|
| 100 |
1 |
|
|a Charleson, Karen,
|e author.
|9 56307
|
| 245 |
0 |
0 |
|a Through different eyes /
|c Karen Charleson ; Garry Thomas Morse, editor.
|
| 264 |
|
1 |
|a Winnipeg, Manitoba :
|b Signature Editions,
|c ©2017.
|
| 300 |
|
|
|a 223 pages ;
|c 20 cm.
|
| 541 |
|
|
|a Donated by the High Commission of Canada in Bangladesh.
|e 42561
|
| 650 |
|
0 |
|a Canadian fiction
|y 21st century.
|
| 700 |
1 |
|
|a Morse, Garry Thomas,
|e editor.
|9 56308
|
| 852 |
|
|
|a Ayesha Abed Library
|c General Stacks
|
| 942 |
|
|
|2 ddc
|c BK
|
| 999 |
|
|
|c 46579
|d 46579
|
| 952 |
|
|
|0 0
|1 0
|2 ddc
|4 0
|6 813_600000000000000_CHA
|7 0
|9 75408
|a BRACUL
|b BRACUL
|c GEN
|d 2024-05-06
|l 2
|m 12
|o 813.6 CHA
|p 3010042561
|r 2025-09-17
|s 2025-06-22
|t 1
|w 2024-05-06
|y BK
|